[Event "TCh-FRA Top 12 2015"]
[Site "Montpellier FRA"]
[Date "2015.06.04"]
[Round "6.4"]
[Board "6"]
[White "Ider, Borya"]
[Black "Terrieux, Kevin"]
[Result "0-1"]
[WhiteTitle "IM"]
[BlackTitle "IM"]
[WhiteElo "2401"]
[BlackElo "2439"]
[WhiteTeam "MULHOUSE PHILIDOR"]
[BlackTeam "METZ FISCHER"]
[WhiteFideId "4901134"]
[BlackFideId "622591"]
[EventDate "2015.05.30"]

1. d4 Nf6 2. Nf3 e6 3. g3 c5 4. Bg2 d5 5. O-O cxd4 6. Nxd4 e5 7. Nf3 Nc6 8. c4
d4 9. e3 Be7 10. exd4 exd4 11. Bf4 O-O 12. Ne5 Qb6 13. Qb3 Na5 14. Qc2 Be6 15.
b3 Rac8 16. Nd2 Nh5 17. Ne4 Nxf4 18. gxf4 Nc6 19. Ng3 Qc7 20. Qd3 Nxe5 21. fxe5
b5 22. cxb5 Qxe5 23. Rae1 Qb8 24. Qxd4 Qxb5 25. Qxa7 Bc5 26. Qb7 Qa5 27. Re2 Bd4
28. Rd1 Rcd8 29. Rb1 h5 30. Qe4 Qg5 31. h4 Qxg3 32. Kf1 Qh2 33. Qc6 Bh3 34. Bxh3
Qxh3+ 0-1

[Event "TCh-FRA Top 12 2015"]
[Site "Montpellier FRA"]
[Date "2015.06.04"]
[Round "6.4"]
[Board "7"]
[White "Koch, Jean-Rene"]
[Black "Riff, Jean-Noel"]
[Result "0-1"]
[WhiteTitle "IM"]
[BlackTitle "GM"]
[WhiteElo "2452"]
[BlackElo "2488"]
[WhiteTeam "METZ FISCHER"]
[BlackTeam "MULHOUSE PHILIDOR"]
[WhiteFideId "600148"]
[BlackFideId "611190"]
[EventDate "2015.05.30"]

1. c4 e5 2. g3 Nf6 3. Bg2 c6 4. Nc3 d5 5. d4 e4 6. cxd5 cxd5 7. Bg5 Bb4 8. Rc1
Nbd7 9. Qb3 Bxc3+ 10. Rxc3 O-O 11. Nh3 h6 12. Bxf6 Nxf6 13. O-O Bf5 14. f3 exf3
15. exf3 Qd7 16. Nf4 Rfe8 17. Rfc1 Re7 18. Bf1 a6 19. Rc5 Rd8 20. Nd3 Bxd3 21.
Qxd3 Rde8 22. Kf2 g6 23. b3 h5 24. Qd2 h4 25. Qf4 hxg3+ 26. hxg3 Kg7 27. g4 Ne4+
28. fxe4 Rxe4 29. Qf3 Qd6 30. Kg1 Rf4 31. Rxd5 Qb8 32. Qg2 Re3 33. Re5 Rxe5 34.
dxe5 Qa7+ 35. Kh1 Qe3 36. Rc2 Rf3 37. e6 Qf4 38. Bc4 Rg3 39. exf7 Rxg2 40. Rxg2
b5 41. Bd5 Qe5 42. Bb7 Qe1+ 43. Kh2 a5 44. Bf3 Kxf7 45. Re2 Qc3 46. Kg3 Kf6 47.
Kf4 Qd4+ 48. Be4 Qe5+ 49. Ke3 Qg3+ 50. Kd4 Qd6+ 51. Kc3 Kg5 52. Bd3 Qc5+ 53. Kd2
Kxg4 54. Rg2+ Kf3 55. Rxg6 Qe5 56. Rg8 Qh2+ 57. Kc3 b4+ 58. Kc4 Qc7+ 59. Kb5
Qd7+ 60. Kxa5 Qd5+ 61. Kxb4 Qxg8 62. a4 Ke3 63. Bc4 Qf8+ 64. Kb5 Kd4 65. a5 Qc5+
66. Ka6 Qc7 0-1

[Event "TCh-FRA Top 12 2015"]
[Site "Montpellier FRA"]
[Date "2015.06.04"]
[Round "6.4"]
[Board "8"]
[White "Choisy, Mathilde"]
[Black "Benmesbah, Natacha"]
[Result "1/2-1/2"]
[WhiteTitle "WFM"]
[BlackTitle "WIM"]
[WhiteElo "2182"]
[BlackElo "2199"]
[WhiteTeam "MULHOUSE PHILIDOR"]
[BlackTeam "METZ FISCHER"]
[WhiteFideId "634565"]
[BlackFideId "642002"]
[EventDate "2015.05.30"]

1. e4 c5 2. Nf3 Nc6 3. d4 cxd4 4. Nxd4 e5 5. Nb5 d6 6. N1c3 a6 7. Na3 Be7 8. Nc4
b5 9. Ne3 Nf6 10. Bd3 Nb4 11. Be2 O-O 12. O-O Be6 13. a3 Nc6 14. Ned5 Bxd5 15.
exd5 Nd4 16. Bd3 Rc8 17. Be3 Qd7 18. Bxd4 exd4 19. Ne2 Rc5 20. Nxd4 Rxd5 21. c3
g6 22. Qf3 Rh5 23. Rfe1 Bd8 24. h3 d5 25. Ne2 Re8 26. Nd4 Rhe5 27. Rxe5 Rxe5 28.
a4 bxa4 29. Bxa6 Qe8 30. Bd3 Re1+ 31. Rxe1 Qxe1+ 32. Kh2 a3 33. bxa3 Qxc3 34.
Nb5 Qe1 35. Qe2 Qxe2 36. Bxe2 Bb6 37. f3 Kf8 38. g3 Ke7 39. Kg2 Kd7 40. Bd3 Kc6
41. h4 Nd7 42. Nc3 Ne5 43. Be2 Ba5 44. Nd1 Kc5 45. f4 Nc4 46. h5 Nxa3 47. hxg6
hxg6 48. Kf3 Nc2 49. Kg4 Nd4 50. Bd3 Bd8 51. Ne3 f5+ 52. Kh3 Nf3 53. Nc2 Nd4 54.
g4 Ne6 55. Kg3 Bc7 56. gxf5 Nxf4 57. Bf1 gxf5 58. Ne3 Ng6+ 59. Kf2 f4 60. Nc2
Ne5 61. Ne1 Ng4+ 62. Ke2 Kd4 63. Bg2 Ne3 64. Bf3 Bd6 65. Ng2 Nf5 66. Bg4 Ke4 67.
Bf3+ Ke5 68. Nxf4 Ng3+ 69. Kf2 Ne4+ 70. Bxe4 dxe4 71. Ng2 Kd4 72. Ke2 Ke5 73.
Ne3 1/2-1/2

[Event "TCh-FRA Top 12 2015"]
[Site "Montpellier FRA"]
[Date "2015.06.04"]
[Round "6.5"]
[Board "2"]
[White "So, Wesley"]
[Black "Edouard, Romain"]
[Result "1/2-1/2"]
[WhiteTitle "GM"]
[BlackTitle "GM"]
[WhiteElo "2778"]
[BlackElo "2627"]
[WhiteTeam "CLICHY-ECHECS-92"]
[BlackTeam "BISCHWILLER"]
[WhiteFideId "5202213"]
[BlackFideId "633429"]
[EventDate "2015.05.30"]

1. d4 d5 2. Nf3 Nf6 3. c4 dxc4 4. e3 e6 5. Bxc4 c5 6. O-O a6 7. dxc5 Qxd1 8.
Rxd1 Bxc5 9. Be2 b6 10. Nbd2 Bb7 11. Nc4 Nbd7 12. Nd4 O-O 13. Nb3 Be7 14. f3
Rad8 15. Kf2 Ba8 16. Bd2 Nd5 17. e4 Nb4 18. a3 Nc6 19. Be3 b5 20. Nca5 Nxa5 21.
Nxa5 Ne5 22. Nb3 Rxd1 23. Rxd1 Rc8 24. Bd4 Nc4 25. Rc1 f5 26. exf5 exf5 27. Na5
Bd5 28. Nxc4 bxc4 29. Rd1 Be6 30. f4 Kf7 31. Bf3 Rb8 32. Rd2 Bf6 33. Bxf6 Kxf6
34. Ke3 Rb3+ 35. Kd4 c3 36. bxc3 Rxa3 37. c4 a5 38. Bd5 a4 39. Rb2 Bxd5 40. cxd5
Ra1 41. Rb6+ Kf7 42. Ke5 a3 43. Ra6 a2 44. Kxf5 g6+ 45. Kg4 h6 46. g3 Kg7 47.
Ra7+ Kf6 48. Ra6+ Kg7 49. Ra8 Kf7 50. Ra5 Kg7 51. Ra6 Rd1 52. Rxa2 h5+ 53. Kh4
Rxd5 54. Ra7+ Kh6 55. Ra6 Rd2 56. Kh3 Rf2 57. Ra7 Rb2 58. Re7 Ra2 59. Re6 Rf2
60. Rd6 Kg7 61. Kh4 Kh6 62. Kh3 Kg7 63. Rd7+ Kh6 64. Rf7 Ra2 65. Re7 Rb2 66. Re1
Ra2 67. Rb1 Rc2 68. Rb6 Rf2 69. Re6 Kg7 70. Kh4 Kh6 71. h3 Rf1 72. Rf6 Rf2 73.
Rf8 Rf3 74. Rf6 1/2-1/2

[Event "TCh-FRA Top 12 2015"]
[Site "Montpellier FRA"]
[Date "2015.06.04"]
[Round "6.5"]
[Board "3"]
[White "Ragger, Markus"]
[Black "Vachier-Lagrave, Maxime"]
[Result "1/2-1/2"]
[WhiteTitle "GM"]
[BlackTitle "GM"]
[WhiteElo "2668"]
[BlackElo "2754"]
[WhiteTeam "BISCHWILLER"]
[BlackTeam "CLICHY-ECHECS-92"]
[WhiteFideId "1610856"]
[BlackFideId "623539"]
[EventDate "2015.05.30"]

1. d4 Nf6 2. c4 g6 3. Nc3 d5 4. cxd5 Nxd5 5. e4 Nxc3 6. bxc3 Bg7 7. Nf3 c5 8.
Rb1 O-O 9. Be2 cxd4 10. cxd4 Qa5+ 11. Bd2 Qxa2 12. O-O Bg4 13. Rxb7 Bxf3 14.
Bxf3 Bxd4 15. Bb4 Rd8 16. Qc1 Na6 17. Bxe7 Rac8 18. Qf4 Nc5 19. Bxd8 Nxb7 20.
Bf6 Bxf6 21. Qxf6 Qa3 22. e5 Rc1 23. g3 Nc5 24. Qd8+ Kg7 25. Qf6+ Kg8 26. Qd8+
Kg7 27. Qf6+ 1/2-1/2

[Event "TCh-FRA Top 12 2015"]
[Site "Montpellier FRA"]
[Date "2015.06.04"]
[Round "6.5"]
[Board "5"]
[White "Naiditsch, Arkadij"]
[Black "Hamdouchi, Hicham"]
[Result "1/2-1/2"]
[WhiteTitle "GM"]
[BlackTitle "GM"]
[WhiteElo "2720"]
[BlackElo "2608"]
[WhiteTeam "BISCHWILLER"]
[BlackTeam "CLICHY-ECHECS-92"]
[WhiteFideId "4650891"]
[BlackFideId "9000011"]
[EventDate "2015.05.30"]

1. e4 c5 2. Nf3 d6 3. d4 cxd4 4. Nxd4 Nf6 5. Nc3 a6 6. g3 e5 7. Nb3 Nbd7 8. a4
b6 9. Bc4 Be7 10. Qd3 O-O 11. O-O Bb7 12. Rd1 Qc7 13. Bg5 h6 14. Bxf6 Nxf6 15.
Nd2 Qc5 16. Nf1 Ng4 17. Rd2 b5 18. Bd5 b4 19. Bxb7 bxc3 20. Qxc3 Qxc3 21. bxc3
Ra7 22. Bd5 Bd8 23. Rb1 Ba5 24. Rd3 Rc7 25. c4 Nf6 26. Ne3 Nd7 27. Nf5 Nc5 28.
Ra3 Rd8 29. Kg2 h5 30. Rf3 Kh7 31. Ne3 Kg8 32. h3 g6 33. g4 h4 34. Nd1 Kg7 35.
Kf1 f6 36. Ke2 Rf8 37. Ra3 Rcc8 38. Ra2 Rc7 39. f3 Rcc8 40. Rab2 Kh6 41. c3 Kg5
42. Kf1 Kf4 43. Kg2 Nxa4 44. Ra2 Nxc3 45. Nxc3 Bxc3 46. Rxa6 Rb8 47. Rb5 Bb4 48.
Ra7 Rfc8 49. Rxb8 1/2-1/2

[Event "TCh-FRA Top 12 2015"]
[Site "Montpellier FRA"]
[Date "2015.06.04"]
[Round "6.5"]
[Board "6"]
[White "Tregubov, Pavel V."]
[Black "Marcelin, Cyril"]
[Result "1/2-1/2"]
[WhiteTitle "GM"]
[BlackTitle "GM"]
[WhiteElo "2571"]
[BlackElo "2476"]
[WhiteTeam "CLICHY-ECHECS-92"]
[BlackTeam "BISCHWILLER"]
[WhiteFideId "4115341"]
[BlackFideId "607274"]
[EventDate "2015.05.30"]

1. d4 e6 2. Nc3 d5 3. Bf4 Bd6 4. Bxd6 cxd6 5. e4 dxe4 6. Nxe4 Nf6 7. Bb5+ Nc6 8.
Nxf6+ Qxf6 9. Nf3 O-O 10. O-O Ne7 11. Re1 b6 12. Bd3 Bb7 13. Be4 Bxe4 14. Rxe4
Rfc8 15. c3 Nd5 16. a4 Rc7 17. Nd2 Qf5 18. g3 Nf6 19. Re1 Rb8 20. Nf1 Qh5 21.
Qd3 Qg6 22. Qb5 Qh5 23. Qd3 Qg6 24. Qd2 Qf5 25. Qe2 Qh5 26. Qxh5 Nxh5 27. Ne3 d5
28. Kf1 Nf6 29. f3 Ne8 30. Ke2 Nd6 31. Kd3 h5 32. h4 g6 33. b3 Rbc8 34. Rac1 Nf5
35. Nxf5 gxf5 36. c4 Kf8 37. Rc2 Ke7 38. Rec1 Kd6 39. Ke3 f6 40. Kf4 a5 41. Rc3
Rc6 42. Ke3 R6c7 43. R1c2 Rc6 44. Kf4 R6c7 45. Ke3 Rc6 46. Kd2 R6c7 47. f4 Rc6
48. Kd3 R6c7 49. cxd5 Rxc3+ 50. Rxc3 Rxc3+ 51. Kxc3 exd5 52. b4 Kd7 53. Kb3 1/2-1/2

[Event "TCh-FRA Top 12 2015"]
[Site "Montpellier FRA"]
[Date "2015.06.04"]
[Round "6.5"]
[Board "7"]
[White "Le Roux, Jean-Pierre"]
[Black "Van Wely, Loek"]
[Result "1/2-1/2"]
[WhiteTitle "GM"]
[BlackTitle "GM"]
[WhiteElo "2546"]
[BlackElo "2653"]
[WhiteTeam "BISCHWILLER"]
[BlackTeam "CLICHY-ECHECS-92"]
[WhiteFideId "609404"]
[BlackFideId "1000268"]
[EventDate "2015.05.30"]

1. d4 Nf6 2. Nf3 e6 3. c4 c5 4. d5 d6 5. Nc3 exd5 6. cxd5 g6 7. h3 Bg7 8. Bf4
O-O 9. e3 a6 10. a4 Qe7 11. Be2 Nbd7 12. O-O Rb8 13. Re1 Ne8 14. Nd2 Ne5 15. Bg3
g5 16. f4 Ng6 17. Bd3 b5 18. axb5 axb5 19. Nxb5 Bd7 20. Nc3 Rxb2 21. Nce4 Bf5
22. Ra4 gxf4 23. exf4 Qd7 24. Ra8 Bxe4 25. Nxe4 Nf6 26. Rxf8+ Kxf8 27. f5 Nxe4
28. Bxe4 Ne5 29. Qh5 Qa4 30. Qh4 f6 31. Qxh7 c4 32. Bf4 c3 33. Bh6 Bxh6 34.
Qxh6+ Kf7 35. Qh7+ Kf8 36. Qh8+ Kf7 37. Qh7+ Kf8 1/2-1/2

[Event "TCh-FRA Top 12 2015"]
[Site "Montpellier FRA"]
[Date "2015.06.04"]
[Round "6.5"]
[Board "8"]
[White "Skripchenko, Almira"]
[Black "Maisuradze, Nino"]
[Result "1-0"]
[WhiteTitle "IM"]
[BlackTitle "WGM"]
[WhiteElo "2421"]
[BlackElo "2279"]
[WhiteTeam "CLICHY-ECHECS-92"]
[BlackTeam "BISCHWILLER"]
[WhiteFideId "13900145"]
[BlackFideId "13601717"]
[EventDate "2015.05.30"]

1. e4 c5 2. Nf3 e6 3. c3 d5 4. exd5 Qxd5 5. d4 Nf6 6. Bd3 Nc6 7. O-O cxd4 8.
cxd4 Be7 9. Nc3 Qd6 10. Nb5 Qd8 11. Bf4 Nd5 12. Be5 O-O 13. Rc1 Bd7 14. Nc3 Rc8
15. Nxd5 exd5 16. Qb3 Nb4 17. Be2 a5 18. a3 a4 19. Rxc8 Qxc8 20. Qe3 Nc6 21. Bd3
Qd8 22. h3 Qb6 23. Qd2 Na5 24. Qc2 h6 25. Bc7 Qa7 26. Ne5 Be8 27. Re1 Nb3 28.
Nf3 Bf6 29. Bd6 Nxd4 30. Nxd4 Qxd4 31. Bxf8 Kxf8 32. Qc8 1-0

[Event "TCh-FRA Top 12 2015"]
[Site "Montpellier FRA"]
[Date "2015.06.04"]
[Round "6.6"]
[Board "1"]
[White "Donchenko, Alexander"]
[Black "Feller, Sebastien"]
[Result "0-1"]
[WhiteTitle "IM"]
[BlackTitle "GM"]
[WhiteElo "2570"]
[BlackElo "2626"]
[WhiteTeam "VANDOEUVRE-ECHECS"]
[BlackTeam "EVRY GRAND ROQUE"]
[WhiteFideId "24603295"]
[BlackFideId "634654"]
[EventDate "2015.05.30"]

1. d4 d6 2. Nf3 Nf6 3. c4 g6 4. g3 Bg7 5. Bg2 O-O 6. O-O Nc6 7. Nc3 a6 8. Qd3 e5
9. dxe5 dxe5 10. Qxd8 Rxd8 11. Bg5 Re8 12. Rfd1 h6 13. Bxf6 Bxf6 14. Nd2 Kg7 15.
Nd5 Bd8 16. c5 Bg4 17. Kf1 Nd4 18. Nc3 Rb8 19. h3 Be6 20. e3 Nb5 21. Nxb5 axb5
22. c6 bxc6 23. Rdc1 Rb6 24. Kg1 Bd5 25. Nb3 e4 26. Nc5 Bf6 27. Rc2 b4 28. Rac1
Rb5 29. b3 Ra5 30. h4 Bc3 31. Na4 Be5 32. Bf1 Bd6 33. Bc4 g5 34. hxg5 hxg5 35.
Kf1 Rh8 36. Kg2 f5 37. Rh1 Rxh1 38. Kxh1 Kf6 39. Kg1 Ke5 40. Kf1 Ra8 41. Rc1 f4
42. gxf4+ gxf4 43. exf4+ Kxf4 44. Ke2 Rh8 45. Nb2 Be5 46. Nd1 Ra8 47. Rc2 Bxc4+
48. Rxc4 Rxa2+ 49. Ke1 Bd6 50. Ne3 Kf3 51. Nc2 c5 52. Kf1 Kf4 53. Ke2 Ke5 0-1

[Event "TCh-FRA Top 12 2015"]
[Site "Montpellier FRA"]
[Date "2015.06.04"]
[Round "6.6"]
[Board "2"]
[White "Fedorchuk, Sergey A."]
[Black "Bailet, Pierre"]
[Result "1/2-1/2"]
[WhiteTitle "GM"]
[BlackTitle "IM"]
[WhiteElo "2657"]
[BlackElo "2519"]
[WhiteTeam "EVRY GRAND ROQUE"]
[BlackTeam "VANDOEUVRE-ECHECS"]
[WhiteFideId "14102536"]
[BlackFideId "655830"]
[EventDate "2015.05.30"]

1. e4 e5 2. Nf3 Nc6 3. Bb5 a6 4. Ba4 Nf6 5. O-O Be7 6. Re1 d6 7. c3 Bg4 8. h3
Bh5 9. d3 Nd7 10. Nbd2 Nc5 11. Bc2 Ne6 12. Nf1 Ng5 13. Bxg5 Bxg5 14. Ng3 Bxf3
15. Qxf3 O-O 16. Rad1 Qf6 17. Qg4 g6 18. Ba4 Rad8 19. Bxc6 bxc6 20. d4 Bf4 21.
Nf1 exd4 22. cxd4 c5 23. g3 Bh6 24. dxc5 Qxb2 25. e5 Qc3 26. Qh4 Bg7 27. Rc1 Qa5
28. exd6 cxd6 29. c6 Rc8 30. Red1 d5 31. Qg5 Bb2 32. Rb1 Bc3 33. Qxd5 Qxd5 34.
Rxd5 Rxc6 35. Ne3 Bf6 36. Rb7 Kg7 37. Rdd7 Rc1+ 38. Kg2 Ra1 39. Nd5 Rxa2 40.
Nxf6 Kxf6 41. Rb6+ Ke5 1/2-1/2

[Event "TCh-FRA Top 12 2015"]
[Site "Montpellier FRA"]
[Date "2015.06.04"]
[Round "6.6"]
[Board "3"]
[White "Solodovnichenko, Yuri"]
[Black "Milliet, Sophie"]
[Result "1-0"]
[WhiteTitle "GM"]
[BlackTitle "IM"]
[WhiteElo "2592"]
[BlackElo "2369"]
[WhiteTeam "VANDOEUVRE-ECHECS"]
[BlackTeam "EVRY GRAND ROQUE"]
[WhiteFideId "14104369"]
[BlackFideId "623725"]
[EventDate "2015.05.30"]

1. e4 e5 2. Nf3 Nc6 3. Bb5 a6 4. Ba4 Nf6 5. O-O Be7 6. Re1 b5 7. Bb3 O-O 8. c3
d5 9. exd5 Nxd5 10. Nxe5 Nxe5 11. Rxe5 Bb7 12. d3 Qd6 13. Re1 c5 14. Nd2 Rae8
15. Ne4 Qc6 16. a4 Nb6 17. axb5 axb5 18. Qf3 c4 19. dxc4 bxc4 20. Bc2 f5 21. Ng3
Qc7 22. Bf4 Qc8 23. Qh5 Qc6 24. Qh3 g6 25. Ne2 Bf6 26. Qg3 Rd8 27. Bxf5 Bh4 28.
Be6+ Qxe6 29. Qxh4 Rde8 30. f3 Qd5 31. Nd4 Rxe1+ 32. Rxe1 Na4 33. Bh6 Qd8 34.
Re7 Rf7 35. Rxf7 1-0

[Event "TCh-FRA Top 12 2015"]
[Site "Montpellier FRA"]
[Date "2015.06.04"]
[Round "6.6"]
[Board "4"]
[White "Battaglini, Gabriel"]
[Black "Hamitevici, Vladimir"]
[Result "0-1"]
[WhiteTitle "IM"]
[BlackTitle "IM"]
[WhiteElo "2451"]
[BlackElo "2429"]
[WhiteTeam "EVRY GRAND ROQUE"]
[BlackTeam "VANDOEUVRE-ECHECS"]
[WhiteFideId "621650"]
[BlackFideId "13902393"]
[EventDate "2015.05.30"]

1. d4 Nf6 2. c4 e6 3. g3 Bb4+ 4. Nd2 c5 5. dxc5 Bxc5 6. Bg2 d5 7. cxd5 exd5 8.
Nh3 O-O 9. O-O Nc6 10. Nb3 Bb6 11. Nf4 d4 12. Nd3 Re8 13. Bg5 h6 14. Bxf6 Qxf6
15. Rc1 Bg4 16. Re1 Rad8 17. Bf3 Bxf3 18. exf3 Rxe1+ 19. Nxe1 d3 20. Rc3 d2 21.
Nxd2 Qd4 22. Nd3 Ne5 23. Nb3 Qd5 24. Nbc1 Nxf3+ 25. Kg2 Ne1+ 26. Kf1 Re8 27. f3
Nxf3 0-1

[Event "TCh-FRA Top 12 2015"]
[Site "Montpellier FRA"]
[Date "2015.06.04"]
[Round "6.6"]
[Board "5"]
[White "Brunner, Nicolas"]
[Black "Moussard, Jules"]
[Result "0-1"]
[WhiteTitle "IM"]
[BlackTitle "IM"]
[WhiteElo "2432"]
[BlackElo "2444"]
[WhiteTeam "VANDOEUVRE-ECHECS"]
[BlackTeam "EVRY GRAND ROQUE"]
[WhiteFideId "620246"]
[BlackFideId "642908"]
[EventDate "2015.05.30"]

1. d4 Nf6 2. c4 c5 3. d5 a6 4. Nc3 b5 5. e4 b4 6. Na4 d6 7. Bd3 e5 8. f3 Nh5 9.
Be3 Be7 10. Ne2 Bd7 11. g3 O-O 12. Bc2 Re8 13. Qd2 Bf6 14. h4 g6 15. Kf1 Ng7 16.
Kg2 h5 17. Ng1 Be7 18. Nh3 Ra7 19. Raf1 f5 20. Bg5 fxe4 21. fxe4 Bxh3+ 22. Rxh3
Bxg5 23. hxg5 Rf8 24. Rhh1 Raf7 25. Bd1 Nd7 26. Be2 Rxf1 27. Bxf1 Rf7 28. Kh3
Nf8 29. Kh4 Qd7 30. Qd1 Nh7 31. Bh3 Qd8 32. Qc1 Rf2 33. Qe3 Kh8 34. Be6 Rc2 35.
b3 Rxa2 36. Bf7 Qd7 37. Be6 Nxe6 38. dxe6 Qxe6 39. Qf3 Rf2 40. Qd1 Rd2 41. Qf3
Rd3 42. Qe2 Nxg5 43. Rf1 Nf3+ 0-1

[Event "TCh-FRA Top 12 2015"]
[Site "Montpellier FRA"]
[Date "2015.06.04"]
[Round "6.6"]
[Board "6"]
[White "Relange, Eloi"]
[Black "Nezar, Mustapha"]
[Result "1/2-1/2"]
[WhiteTitle "GM"]
[BlackTitle "IM"]
[WhiteElo "2468"]
[BlackElo "2382"]
[WhiteTeam "EVRY GRAND ROQUE"]
[BlackTeam "VANDOEUVRE-ECHECS"]
[WhiteFideId "600822"]
[BlackFideId "608637"]
[EventDate "2015.05.30"]

1. d4 Nf6 2. c4 e6 3. Nf3 d5 4. Nc3 Bb4 5. Bg5 dxc4 6. Qc2 h6 7. Bxf6 Qxf6 8. e4
c5 9. dxc5 Nc6 10. Bxc4 O-O 11. O-O Bxc5 12. Rac1 Bd7 13. Qe2 1/2-1/2

[Event "TCh-FRA Top 12 2015"]
[Site "Montpellier FRA"]
[Date "2015.06.04"]
[Round "6.6"]
[Board "7"]
[White "Le Corre, Benjamin"]
[Black "Fargere, Francois"]
[Result "1/2-1/2"]
[WhiteTitle "FM"]
[BlackTitle "GM"]
[WhiteElo "2307"]
[BlackElo "2418"]
[WhiteTeam "VANDOEUVRE-ECHECS"]
[BlackTeam "EVRY GRAND ROQUE"]
[WhiteFideId "639605"]
[BlackFideId "615935"]
[EventDate "2015.05.30"]

1. e4 c5 2. Nf3 d6 3. Bb5+ Bd7 4. Bxd7+ Nxd7 5. O-O Ngf6 6. Re1 Rc8 7. b3 g6 8.
Bb2 Bg7 9. d3 O-O 10. Nbd2 e5 11. Nc4 Nb8 12. a4 Nc6 13. a5 Re8 14. Qd2 Qc7 15.
Ne3 Bh6 16. c4 Nd4 17. Qd1 b5 18. cxb5 Nxb5 19. Nc4 Nd4 20. b4 Nd7 21. Nxd4 exd4
22. bxc5 dxc5 23. g3 Ne5 24. Nxe5 Qxe5 25. Ra4 Rb8 26. Qc2 Rb5 27. Bc1 Bxc1 28.
Rxc1 a6 29. Rc4 Rc8 30. f4 Qd6 31. Qf2 Rcb8 32. f5 Rxa5 33. Rf1 Rab5 34. fxg6
Qxg6 35. Rc2 R8b7 36. Qf4 Kg7 37. Rcf2 c4 38. dxc4 Rc5 39. Qh4 Qg5 40. Qxg5+
Rxg5 41. Rd1 Rd7 42. Rfd2 Re5 43. Rxd4 Rde7 44. Re1 f5 45. Rd5 Rxe4 46. Rxe4
Rxe4 47. c5 Kf6 48. Rd6+ Re6 49. Rb6 Ke5 50. c6 Kd5 51. c7 Re1+ 52. Kf2 Rc1 53.
Rb7 Ke4 54. c8=Q Rxc8 55. Re7+ Kd5 56. Rxh7 Ke5 57. Re7+ Kf6 58. Re2 a5 59. Ra2
Rc5 60. h4 Rb5 61. Ra3 Rc5 62. Ke3 Re5+ 63. Kf3 Rb5 64. Ke3 Re5+ 65. Kf3 Rb5 1/2-1/2

[Event "TCh-FRA Top 12 2015"]
[Site "Montpellier FRA"]
[Date "2015.06.04"]
[Round "6.6"]
[Board "8"]
[White "Bergez, Luc"]
[Black "Steil-Antoni, Fiona"]
[Result "1-0"]
[WhiteTitle "IM"]
[BlackTitle "WIM"]
[WhiteElo "2327"]
[BlackElo "2094"]
[WhiteTeam "EVRY GRAND ROQUE"]
[BlackTeam "VANDOEUVRE-ECHECS"]
[WhiteFideId "606600"]
[BlackFideId "4001249"]
[EventDate "2015.05.30"]

1. e4 d6 2. d4 Nf6 3. f3 e5 4. d5 Be7 5. Be3 c6 6. Nc3 a5 7. Qd2 a4 8. a3 Qa5 9.
Bc4 b5 10. Bd3 Bd7 11. dxc6 Bxc6 12. Nge2 Nbd7 13. Na2 d5 14. Qxa5 Rxa5 15. Bd2
Ra8 16. exd5 Nxd5 17. Nec3 Nxc3 18. Bxc3 O-O 19. O-O-O f6 20. Nb4 Bxb4 21. Bxb4
Rfe8 22. Bf5 Nf8 23. Rd6 Bb7 24. Rb6 Bc8 25. Be4 Ra7 26. Rxb5 Be6 27. Rd1 Rc8
28. Rd6 Kf7 29. Rbb6 Bd7 30. Bd5+ Kg6 31. Ra6 Rxa6 32. Rxa6 Bf5 33. Be4 Bxe4 34.
fxe4 Nd7 35. Rxa4 Rc4 36. Ra7 1-0

[Event "TCh-FRA Top 12 2015"]
[Site "Montpellier FRA"]
[Date "2015.06.05"]
[Round "7.1"]
[Board "1"]
[White "Ipatov, Alexander"]
[Black "Svetushkin, Dmitry"]
[Result "1/2-1/2"]
[WhiteTitle "GM"]
[BlackTitle "GM"]
[WhiteElo "2612"]
[BlackElo "2591"]
[WhiteTeam "C-E BOIS-COLOMBES"]
[BlackTeam "METZ FISCHER"]
[WhiteFideId "14116731"]
[BlackFideId "13900463"]
[EventDate "2015.05.30"]

1. d4 Nf6 2. c4 e6 3. Nf3 d5 4. Nc3 Be7 5. Bf4 O-O 6. e3 Nbd7 7. Qc2 c5 8. Rd1
cxd4 9. Rxd4 Qa5 10. Bg3 Nb6 11. Nd2 dxc4 12. Bxc4 Nbd5 13. Nb3 Qb6 14. O-O Nxc3
15. bxc3 Bd7 16. Bd3 Bb5 17. c4 Ba4 18. Rb1 Rad8 19. Qe2 Bxb3 20. Rxd8 1/2-1/2

[Event "TCh-FRA Top 12 2015"]
[Site "Montpellier FRA"]
[Date "2015.06.05"]
[Round "7.1"]
[Board "2"]
[White "Riazantsev, Alexander"]
[Black "Maze, Sebastien"]
[Result "1/2-1/2"]
[WhiteTitle "GM"]
[BlackTitle "GM"]
[WhiteElo "2671"]
[BlackElo "2572"]
[WhiteTeam "METZ FISCHER"]
[BlackTeam "C-E BOIS-COLOMBES"]
[WhiteFideId "4125029"]
[BlackFideId "613762"]
[EventDate "2015.05.30"]

1. d4 Nf6 2. c4 d6 3. Nf3 g6 4. g3 Bg7 5. Bg2 O-O 6. O-O Nbd7 7. Qc2 e5 8. Rd1
Qe7 9. Nc3 c6 10. b3 exd4 11. Nxd4 a5 12. h3 Nc5 13. Rb1 Re8 14. e3 Nfe4 15. Bb2
f5 16. a3 1/2-1/2

[Event "TCh-FRA Top 12 2015"]
[Site "Montpellier FRA"]
[Date "2015.06.05"]
[Round "7.1"]
[Board "3"]
[White "Duda, Jan-Krzysztof"]
[Black "Wirig, Anthony"]
[Result "1-0"]
[WhiteTitle "GM"]
[BlackTitle "GM"]
[WhiteElo "2610"]
[BlackElo "2496"]
[WhiteTeam "C-E BOIS-COLOMBES"]
[BlackTeam "METZ FISCHER"]
[WhiteFideId "1170546"]
[BlackFideId "615013"]
[EventDate "2015.05.30"]

1. e4 e6 2. d4 d5 3. Nc3 Bb4 4. e5 c5 5. a3 Bxc3+ 6. bxc3 Qa5 7. Bd2 Qa4 8. Qb1
Nc6 9. Bb5 Qa5 10. Nf3 Ne7 11. dxc5 O-O 12. O-O Qc7 13. Re1 f6 14. exf6 Rxf6 15.
Qd1 h6 16. c4 d4 17. Qe2 Bd7 18. Ne5 a6 19. Nxd7 Qxd7 20. Ba4 Raf8 21. f3 Rg6
22. Rad1 e5 23. Kh1 Qf5 24. c3 d3 25. Qe4 Qh5 26. Be3 d2 27. Rg1 Rd8 28. Bc2 Rf6
29. Rxd2 Rxd2 30. Bxd2 Kf8 31. Be3 Qf7 32. Rd1 Nf5 33. Bf2 h5 34. Ba4 Qc7 35.
Bxc6 bxc6 36. Re1 Kf7 37. Kg1 g6 38. Qxe5 Qxe5 39. Rxe5 Re6 40. Rxe6 Kxe6 41.
Kf1 Nh6 42. Ke2 Nf7 43. Bg3 Kf5 44. Kd3 g5 45. Kc2 g4 46. fxg4+ Kxg4 47. Bc7 Kf5
48. Kd3 Nh8 49. Ke3 Ng6 50. Bd6 Nh4 51. g3 Ng6 52. Kf3 Nh8 53. Bf4 Ng6 54. h3
Nh8 55. Be3 Ng6 56. Bd4 Nf8 57. g4+ hxg4+ 58. hxg4+ Kg5 59. Be3+ Kf6 60. Bd4+
Kg5 61. Ke4 Nd7 62. Bg1 Kg6 63. Kf4 Kf6 64. Be3 Nf8 65. Bd4+ Ke6 66. Kg5 Kf7 67.
Kf5 Nd7 68. Bf2 Ke7 69. g5 1-0